000 00945cam a2200301Mi 4500
001 on1246586554
003 TZ-ArACH
005 20230131122536.0
008 210208s2021 sg b 001 0 fre d
020 _a9782343218663
020 _a2343218668
035 _a(OCoLC)1246586554
040 _aL2U
_beng
_erda
_cTZ-ArACH
049 _aTZAA
050 _aHG3986
_b .S69 2021
100 1 _aSow, Ibrahima,
_eauthor
_4aut
245 1 3 _aFonction judiciaire dans les systèmes communautaires de l'UEMOA et de la CEDEAO /
_cIdrissa Sow.
260 _aDakar :
_b l'Harmattan
_c2021.
300 _a417 pages ;
_c24 cm
504 _aIncludes bibliographical references (pages 387-394), annexes and index.
650 4 _aWest Africa.
650 4 _aJudicial system.
650 4 _aInternational courts.
650 4 _aUnion Economique et Monétairee Ouest-Africaine.
650 4 _aECOWAS.
650 4 _adissertations (form)
942 _2lcc
_cBOOK
999 _c6733
_d6733